| 000 | 00466nam a22001457a 4500 | ||
|---|---|---|---|
| 020 | _a9788129703248 | ||
| 040 | _cnust | ||
| 082 |
_a006.3 _bJAN |
||
| 100 |
_aJang. R. S- J _9122625 |
||
| 110 |
_aSun.T-.C, Mizutani. E _9122626 |
||
| 245 |
_aNeuro-Fuzzy and Soft Computing _bA Computational Approach to Learning and machine Intelligence |
||
| 260 |
_aNew Delhi: _bPearson Education Inc, _c2004. |
||
| 650 |
_aNeuro-Fuzzy and Soft Computing _9122627 |
||
| 942 |
_2ddc _cBK |
||
| 999 |
_c609086 _d609086 |
||